Phūla kī tanhāʼī. (Record no. 54660)

MARC details
000 -LEADER
fixed length control field 00507cam a22002171 4500
001 - CONTROL NUMBER
control field sa 63002781
003 - CONTROL NUMBER IDENTIFIER
control field DLC
005 - DATE AND TIME OF LATEST TRANSACTION
control field 20260227111936.0
008 - FIXED-LENGTH DATA ELEMENTS--GENERAL INFORMATION
fixed length control field 890627s1963 ii 000 1 hino
010 ## - LIBRARY OF CONGRESS CONTROL NUMBER
LC control number sa 63002781
035 ## - SYSTEM CONTROL NUMBER
System control number (OCoLC)19931749
040 ## - CATALOGING SOURCE
Original cataloging agency DLC
Transcribing agency WaU
Modifying agency DLC
042 ## - AUTHENTICATION CODE
Authentication code premarc
050 00 - LIBRARY OF CONGRESS CALL NUMBER
Classification number PK2098.C5
Item number P5
100 1# - MAIN ENTRY--PERSONAL NAME
Personal name Chandar, Krishan.
245 10 - TITLE STATEMENT
Title Phūla kī tanhāʼī.
260 ## - PUBLICATION, DISTRIBUTION, ETC.
Date of publication, distribution, etc. [1963]
300 ## - PHYSICAL DESCRIPTION
Extent 132 p.
Dimensions 19 cm.
500 ## - GENERAL NOTE
General note In Hindi.
500 ## - GENERAL NOTE
General note Short stories.

No items available.

Powered by Koha